00258pam a2200133 a 4500020000500000041000500005100001800010245003600028250001000064260000900074300000800083653001400091700001900105 c h aK. M. Gokhale aOrganic And Inorganic Chemistry aIIIrd c1998 a182 achemistry aD. B. Kulkarni